000 02358cam a2200613 i 4500
001 6334
003 FISKH
005 20260323152620.0
008 230425t20112011onca j b 000 0 eng
010 _a 2023287367
015 _a20109032160
_2can
016 _a(AMICUS)000038024080
020 _a9781554535958
_q(hardback :
_qalk. paper)
020 _a9780545512206
020 _a1554535956
_q(hardback :
_qalk. paper)
035 _a(OCoLC)ocn637439548
040 _aNLC
_beng
_cNLC
_dDLC
050 _aHB883 .S63
082 _a304.6
100 1 _aSmith, David J.
_q(David Julian),
_d1944-
_eauthor.
245 1 0 _aIf the world were a village :
_ba book about the world's people /
_cwritten by David J. Smith ; illustrated by Shelagh Armstrong.
250 _aThis edition published in 2011.
260 _aNew York :
_bScholastic,
_c2002.
300 _a32 pages :
_bcolor illustrations ;
_c28 cm
336 _atext
_btxt
_2rdacontent
337 _aunmediated
_bn
_2rdamedia
338 _avolume
_bnc
_2rdacarrier
500 _a"Originally published in 2002"--T.p. verso.
504 _aIncludes bibliographical references.
505 _aR
520 _aComparing the world population to a village of 100 persons, the author reveals such facts as the languages of the village, how much each earns, if the person is literate, has a television and has enough to eat.
521 8 _a710
_bLexile
521 8 _aR
_bRaz-Plus
650 0 _aPopulation
_vJuvenile literature.
650 0 _aHuman geography
_vJuvenile literature.
650 1 _aPopulation.
650 1 _aHuman geography.
650 6 _aPopulation
_vOuvrages pour la jeunesse.
650 6 _aGéographie humaine
_vOuvrages pour la jeunesse.
650 7 _aJUVENILE NONFICTION
_xPeople & Places
_xOther.
_2bisacsh
650 7 _aHuman geography.
_2fast
_0(OCoLC)fst00963107
650 7 _aPopulation.
_2fast
_0(OCoLC)fst01071476
650 7 _aPopulation.
_2sears
650 7 _aHuman geography.
_2sears
655 0 _aPicture book for children.
655 4 _aJuvenile books.
655 7 _aLiterature.
_2fast
_0(OCoLC)fst01921716
655 7 _aJuvenile works.
_2fast
_0(OCoLC)fst01411637
655 7 _aLiterature.
_2lcgft
700 1 _aArmstrong, Shelagh,
_d1961-
_eillustrator.
906 _a7
_bcbc
_ccopycat
_d2
_encip
_f20
_gy-gencatlg
942 _2ddc
_cBK
_n0
999 _c6334
_d6334